000 00413nam a2200145 a 4500
005 20140414132137.0
008 131216s19uu xx 00 eng d
050 _aTR
_bOne58 2011
245 _aOne two three's (123s):
_bintrodcing numbers1-20.
260 _aChina :
_bThe Brainy Babies Company,
_cc2011.
300 _a14
500 _aappropriate with ages 1-4
650 _aNumbers-
_xcounting
999 _c115318
_d115318